| 000 | 00616nam a2200193 a 4500 | ||
|---|---|---|---|
| 001 | 000042810 | ||
| 005 | 20201002040420.0 | ||
| 008 | 140210s2001 sp ac 000 0 spa d | ||
| 020 | _a8408040138 | ||
| 040 |
_aDO-SdBNP _bspa _cBNPHU |
||
| 082 |
_axxx _bB726C, |
||
| 100 | 1 |
_aClemente, Josep Carles _d1935- _970163 |
|
| 245 | 1 | 0 |
_aCarlos Hugo de Borbón Parma : _bhistoria de una disidencia / _cJosep Carles Clemente. |
| 260 |
_aBarcelona : _bPlaneta, _c2001. |
||
| 300 |
_a283 p. : _bil., retrs. ; _c24 cm. |
||
| 490 | 1 | _aPlaneta singular | |
| 504 | _aBibliografía : p. [267]-273 | ||
| 830 | 0 |
_aPlaneta singular _970164 |
|
| 999 |
_c42299 _d42299 |
||